Gramática elemental de la lengua griega / (Record no. 133072)

MARC details
000 -LEADER
campo de control de longitud fija 00508nam a2200181 4500
001 - NÚMERO DE CONTROL
campo de control 133072
003 - IDENTIFICADOR DE NÚMERO DE CONTROL
campo de control ES-MaACL
005 - FECHA Y HORA DE LA ÚLTIMA TRANSACCIÓN
campo de control 20230906194323.0
007 - CAMPO FIJO DE DESCRIPCIÓN FÍSICA--INFORMACIÓN GENERAL
campo de control de longitud fija t|
008 - DATOS DE LONGITUD FIJA--INFORMACIÓN GENERAL
campo de control de longitud fija 070214s1901 sp r ||||1| spa d
100 1# - ENTRADA PRINCIPAL--NOMBRE DE PERSONA
Nombre de persona Rossi, Carlos.
9 (RLIN) 99866
245 10 - MENCIÓN DEL TÍTULO
Título Gramática elemental de la lengua griega /
Mención de responsabilidad, etc. Carlos Rossi.
250 ## - MENCION DE EDICION
Mención de edición 1ª. ed.
260 ## - PUBLICACIÓN, DISTRIBUCIÓN, ETC.
Lugar de publicación, distribución, etc. Madrid :
Nombre del editor, distribuidor, etc. [s.n.],
Fecha de publicación, distribución, etc. 1901 (
Fabricante Tip. de Ricardo Fé)
300 ## - DESCRIPCIÓN FÍSICA
Extensión XIV, 136 p. ;
Dimensiones 23 cm.
500 ## - NOTA GENERAL
Nota general Es la primera parte.
852 ## - LOCALIZACIÓN
Ubicación ES-MaACL
Número de control de estantería B-13210
Holdings
Estatus retirado Estado de pérdida Estado de daño No para préstamo Biblioteca de origen Biblioteca actual Ubicación en estantería Fecha de adquisición Fuente de adquisición Total de préstamos Signatura topográfica completa Código de barras Visto por última vez Precio de reemplazo Tipo de ítem Koha
        Biblioteca del Ateneo de Madrid Biblioteca del Ateneo de Madrid Sala Pardo Bazán 17/01/2008     B-13210 1138536 23/02/2023 23/02/2023 Libro impreso antiguo